01773nam a2200265Ia 4500001000600000003000900006008004100015040001300056040001300069041001300082100001900095100002900114240009100143240003500234245007900269245007900348250001100427260001000438260000900448260004900457300005700506500088800563650002501451650003101476G2053IT-RoPAU130308s9999 xx 000 0 und d aIT-RoPAU cIT-RoPAU aFRANCESE aOlson David R. gCodice Aut. SPICS: 9272 aWORLD ON PAPER (THE): THE CONCEPTUAL AND COGNITIVE implications OF WRITING AND READING gCodice Tit. Orig. Spics: T3201 aUnivers de l'ecrit (L'): comment la culture ecrite donne forme a la pensee bUnivers de L'Ecrit (L'): Comment la Culture Ecrite Donne forme a la Pensee a1a ed. aPARIS bRetz c1998 [1° Ed.:1998 - Ed.Ling.Originale:1994] a"352 p. (prefazione: no ; testo: 352 [pagine: 0-0])" aMondo della Scrittura: Come la Cultura Scritta Dia Forma al pensiero . Cultura Scritta e pensiero : Dalle teorie di Levy Bruhl a Quelle di Scribner e Cole. Scrittura e rivoluzioni concettuali della Grecia Classica e della Rinascenza. Cio' che la Scrittura Rappresenta: Storia della Scrittura e dell'Alfabeto. Cio' che la Scrittura Non Rappresenta: Come Capire un testo . Problema dell'Interpretazione: Come Ritrovare L'Intenzione Comunicativa. Una Storia della Lettura: Dallo Spirito del testo Alle Intenzioni dell'Autore. Leggere Il Libro della Natura: Origini concettuali della Scienza moderna. Storia del Discorso Scritto: Dalle Mnemoniche Alle Rappresentazioni. Rappresentare Il Mondo in Carte, Schemi, Formule, immagini e Testi. Rappresentare Lo Spirito: Origini della Soggettività. Come si è Formato Lo Spirito Scribale: Cosa è Leggere, Scrivere e Pensare? Bibliografia. aSAGGI DI LINGUISTICA eCodice materia Spics: 3207